[Event "Basque-ch 2019"]
[Site "Getxo"]
[Date "2019.04.24"]
[Round "2.3"]
[White "Sadusea, Johnny Fernando"]
[Black "Huerga Leache, Mikel"]
[Result "1/2-1/2"]
[WhiteElo "2150"]
[BlackElo "2448"]
[Annotator "TA"]
[PlyCount "131"]
[EventDate "2019.04.22"]
[EventType "swiss"]
[EventCountry "ESP"]
[SourceTitle "playchess.com"]
[Source "ChessBase"]
[SourceQuality "1"]

{[%evp 11,131,19,26,14,16,0,27,14,37,38,44,47,44,29,53,37,49,13,59,28,58,35,56,56,60,42,46,42,49,29,46,21,45,35,29,27,35,0,0,0,0,0,0,13,11,0,0,2,14,0,0,0,0,0,0,0,0,-16,-18,-8,-7,-28,0,-36,0,-81,-81,-84,-79,-83,-18,-110,-110,-106,-36,-201,0,-8,0,-84,-72,-135,-135,-126,-115,-111,-111,-118,-112,-112,-118,-118,-111,-111,-112,-118,-116,-123,-123,-98,-98,-98,0,0,0,0,0,0,0,0,0,0,0,0,0,0,0,0,0,0,0,-371]} 1. e4 c5 2. Nf3 Nc6 3. Nc3 e5 4. Bc4 d6 5. h3 Be7 6. d3 Nf6 7. O-O {B30: Sicilian: 2...Nc6 3 Bb5, lines without ...g6} O-O 8. Be3 (8. Ne2 a6 9. a3 b5 10. Ba2 Be6 11. Bxe6 fxe6 12. Ng3 d5 13. Re1 d4 14. c3 Kh8 {0-1 (89) Aronian,L (2765)-Carlsen,M (2835) St Petersburg 2018}) 8... Na5 9. Nd2 {White has an edge.} Nxc4 10. dxc4 Be6 $146 ({Predecessor:} 10... Re8 11. Re1 h6 12. Nf1 Bf8 13. Qd2 Be6 {0-1 (61) Van Run,R-Rijnaarts,S Hengelo 2002}) 11. Qe2 Nd7 12. Rfd1 a6 13. Nf1 Kh8 14. f4 exf4 15. Bxf4 Qb6 16. Rab1 Rfe8 17. Ne3 Bf8 18. Qd2 {[%cal Rf4d6]} Rad8 19. Bg5 {Threatens to win with Ncd5.} f6 20. Bf4 Qc6 21. Qd3 Bf7 22. b3 Bg6 {[%cal Rg6e4]} 23. Ned5 Ne5 24. Bxe5 Rxe5 25. Re1 Rde8 26. Re3 f5 27. exf5 Bxf5 28. Qd2 Rxe3 29. Nxe3 Bg6 30. a4 Be7 31. Ned5 Bh4 32. Kh2 h6 33. Rf1 Bg5 34. Qf2 Qd7 35. h4 Bd8 36. Nf4 Bf7 37. Ncd5 Qg4 38. h5 (38. g3 $11 {keeps the balance.}) 38... Bxh5 $17 39. Nxh5 Qxh5+ 40. Kg1 {[#]} Bh4 (40... Kg8 $1 $17) 41. Qf7 (41. Qf4 $11) 41... Qxf7 42. Rxf7 {[%mdl 4096] Endgame KRB-KRN} Re2 (42... Bg3 $17 43. Ne7 Kh7) 43. Nf4 $2 {[#]} ({White should try} 43. Kh2 $15) 43... Re1+ $2 (43... Rf2 $1 $19 44. Ng6+ Kh7 45. Nf8+ Kg8 46. Rxf2 Bxf2+ 47. Kxf2 Kxf8) 44. Kh2 $11 Bg5 45. Nd3 (45. Nd5 $11 {remains equal.}) 45... Re7 $17 46. Rxe7 (46. Rf8+ $142 Kh7 47. Nf4) 46... Bxe7 {KB-KN} 47. Nf4 Kg8 48. Kg3 Kf7 49. Kf3 Bg5 50. Nd5 g6 51. Ke4 h5 52. Nc7 Be7 53. Kf4 Bd8 54. Nd5 Ke6 55. Ke4 g5 56. Ne3 Bf6 ({Better is} 56... Ba5 $17) 57. Nd5 $11 {The position is equal.} Be5 58. Nc7+ $1 Kf6 {White must now prevent ...g4.} (58... Kd7 $5 59. Nd5 $8 Ke6 $11) 59. Nd5+ $1 Kg6 {And now ...g4 would win.} 60. Ne7+ $1 Kf7 61. Nd5 Ke6 {aiming for ...g4.} (61... Kg6 $5 62. Ne7+ $8 Kg7 $11) 62. Nc7+ $1 Kf6 63. Nd5+ $1 Ke6 (63... Kg6 $5) 64. Nc7+ $1 Kf6 {Hoping for ...g4.} 65. Nd5+ $1 Ke6 (65... Kg6 $5) 66. Ne3 $2 {[%mdl 40960] Accuracy: White = 56%, Black = 50%. . An unexpected result.} (66. Nc7+ $1 $11 {and White stays safe.} Kf6) 1/2-1/2

[Event "Basque-ch 2019"]
[Site "Getxo"]
[Date "2019.04.24"]
[Round "2.4"]
[White "Argandona Riveiro, Inigo"]
[Black "Lakuntza Plazaola, Asier"]
[Result "1-0"]
[WhiteElo "2411"]
[BlackElo "2153"]
[Annotator "TA"]
[PlyCount "53"]
[EventDate "2019.04.22"]
[EventType "swiss"]
[EventCountry "ESP"]
[SourceTitle "playchess.com"]
[Source "ChessBase"]
[SourceQuality "1"]

{[%evp 10,53,37,29,87,90,106,90,110,60,95,111,105,70,164,163,158,112,114,116,100,111,119,104,104,112,386,398,410,466,456,455,732,725,725,720,708,700,756,742,808,829,958,968,920,918]} 1. c4 c6 2. e4 d5 3. exd5 cxd5 4. cxd5 Nf6 5. Bb5+ Bd7 6. Bc4 Bf5 {B10: Caro-Kann: 2 d3 and 2 c4} (6... b5 $1 $11 7. Bb3 a5) (6... b5 7. Bb3 Bg4 8. Nf3 Nbd7 9. d4 Nb6 10. Qd3 Bxf3 11. Qxf3 Nbxd5 12. Nc3 Nxc3 13. Qc6+ Nd7 14. bxc3 Qc8 15. Qf3 e6 {1-0 (23) Grachev,B (2675)-Kljucharev,S (2375) Olginka 2011}) 7. Nc3 $16 Nbd7 8. Nf3 Nb6 {White is better.} 9. Bb3 $146 ({Predecessor:} 9. Qb3 Bc2 10. Bb5+ Nfd7 11. Qxc2 Rc8 12. Ne5 a6 13. Qf5 f6 14. Qh5+ g6 15. Nxg6 Qc7 16. Nxh8+ Kd8 17. Nf7+ Ke8 18. Ng5+ Kd8 19. Ne6# {1-0 (19) Warnaar,A (1070)-Van Harten,E (857) Rotterdam 2016}) 9... Nfxd5 10. Nxd5 Nxd5 11. Ba4+ Bd7 (11... b5 $1 $14 12. Bxb5+ Bd7 13. Bxd7+ Qxd7) 12. Ne5 $18 Nf6 13. Qb3 $40 {[%csl Ge5][%cal Rb3f7][%mdl 128] [#] Black is in trouble.} e6 14. Nxd7 Nxd7 15. Qxb7 {Hoping for Bxd7+.} Rc8 16. Qxa7 Bc5 17. Qb7 Bxf2+ $2 {[%mdl 8192] [#]} (17... Rc7 $16 18. Qe4 O-O) 18. Kxf2 Qh4+ 19. g3 Qd4+ {White is clearly winning.} 20. Kg2 Qxa4 (20... O-O $142 21. Bxd7 Rb8) 21. Qxc8+ Ke7 22. Qb7 ({Inferior is} 22. Qxh8 Qe4+ 23. Kh3 (23. Kg1 Qe1+ 24. Kg2 Qe4+ 25. Kh3 Qf5+ 26. Kg2 Qe4+ $11) 23... Qf5+ 24. Kg2 Qe4+ 25. Kh3 (25. Kg1 Qe1+ 26. Kg2 Qe4+ $11) 25... Qf5+ 26. Kg2 Qe4+ $11) 22... Rb8 23. Qf3 Qd4 24. Re1 Rb5 25. b3 f5 26. Ba3+ Kf6 27. Qc3 {Accuracy: White = 78%, Black = 23%.} 1-0

[Event "Basque-ch 2019"]
[Site "Getxo"]
[Date "2019.04.24"]
[Round "2.5"]
[White "Garrido Legarreta, Jose Javier"]
[Black "Trigo Urquijo, Sergio"]
[Result "0-1"]
[WhiteElo "2006"]
[BlackElo "2383"]
[Annotator "TA"]
[PlyCount "24"]
[EventDate "2019.04.22"]
[EventType "swiss"]
[EventCountry "ESP"]
[SourceTitle "playchess.com"]
[Source "ChessBase"]
[SourceQuality "1"]

{[%evp 10,56,-3,-22,-19,-29,-30,-79,-22,-20,-11,-20,-23,-24,-17,-17,-20,-31,-31,-27,-33,-30,-22,-19,-10,-22,-20,-13,-13,-12,0,-14,-16,-23,0,5,162,-106,-114,-106,-87,-150,-160,-393,-391,-382,-280,-1468,-1457]} 1. e4 e6 2. d4 d5 3. exd5 exd5 4. c4 Nf6 5. Nc3 Bb4 6. a3 Bxc3+ {C01: French: Exchange Variation} 7. bxc3 O-O 8. Bd3 c5 ({Better is} 8... Qe8+ $17 9. Ne2 dxc4) (8... dxc4 9. Bxc4 Be6 10. Bd3 c5 11. Ne2 Nc6 12. O-O cxd4 13. cxd4 Nd5 14. Rb1 {½-½ (33) Bartel,M (2641)-Antoniewski,R (2529) Poland 2015}) 9. Ne2 $11 dxc4 10. Bxc4 cxd4 11. cxd4 Qc7 12. Bd3 Nc6 {Played: Bc8-f5} 0-1

[Event "Basque-ch 2019"]
[Site "Getxo"]
[Date "2019.04.24"]
[Round "2.6"]
[White "Segura Del Frago, Imanol"]
[Black "Basto Auzmendi, Mario"]
[Result "0-1"]
[WhiteElo "2028"]
[BlackElo "1981"]
[Annotator "NA RC"]
[PlyCount "76"]
[EventDate "2019.04.22"]
[EventType "swiss"]
[EventCountry "ESP"]
[SourceTitle "playchess.com"]
[Source "ChessBase"]
[SourceQuality "1"]
[TimeControl "5400+30"]

1. c4 {[%emt 1:30:30]} Nf6 {[%emt 1:30:30]} 2. Nc3 {[%emt 0:00:30]} g6 {[%emt 0:00:30]} 3. g3 {[%emt 0:00:30]} Bg7 {[%emt 0:00:30]} 4. Bg2 {[%emt 0:00:30]} d6 {[%emt 0:00:30]} 5. e4 {[%emt 0:00:30]} c5 {[%emt 0:00:30]} 6. Nge2 {[%emt 0:00:30]} Nc6 {[%emt 0:00:30]} 7. O-O {[%emt 0:00:30]} O-O {[%emt 0:00:30]} 8. d4 {[%emt 0:00:30]} cxd4 {[%emt 0:00:30]} 9. Nxd4 {[%emt 0:00:30]} Nxd4 {[%emt 0:00:30]} 10. Qxd4 {[%emt 0:00:30]} Be6 {[%emt 0:00:30]} 11. Qd3 {[%emt 0:00:30]} Rc8 {[%emt 0:00:30]} 12. Nd5 {[%emt 0:00:30]} Nxd5 {[%emt 0:00:30]} 13. exd5 {[%emt 0:00:30]} Bf5 {[%emt 0:00:30]} 14. Qe2 {[%emt 0:00:30]} Qd7 {[%emt 0:00:30]} 15. Bg5 {[%emt 0:00:30]} h6 {[%emt 0:00:30]} 16. Be3 {[%emt 0:00:30]} b5 {[%emt 0:00:30]} 17. Rac1 {[%emt 0:00:30]} bxc4 {[%emt 0:00:30]} 18. Rxc4 {[%emt 0:00:30]} Rxc4 {[%emt 0:00:30]} 19. Qxc4 {[%emt 0:00:30]} Rc8 {[%emt 0:00:30]} 20. Qa6 {[%emt 0:00:30]} Bxb2 {[%emt 0:00:30]} 21. Bxh6 {[%emt 0:00:30]} Rc3 {[%emt 0:00:30]} 22. Qe2 {[%emt 0:00:30]} Rc2 {[%emt 0:00:30]} 23. Qd1 {[%emt 0:00:30]} Qa4 {[%emt 0:00:30]} 24. Re1 {[%emt 0:00:30]} Bf6 {[%emt 0:00:30]} 25. a3 {[%emt 0:00:30]} Qd4 {[%emt 0:00:30]} 26. Be3 {[%emt 0:00:30]} Qxd1 {[%emt 0:00:30]} 27. Rxd1 {[%emt 0:00:30]} a5 {[%emt 0:00:30]} 28. Bf3 {[%emt 0:00:30]} Ra2 {[%emt 0:00:30]} 29. g4 {[%emt 0:00:30]} Bc2 {[%emt 0:00:30]} 30. Rc1 {[%emt 0:00:30]} Bc3 {[%emt 0:00:30]} 31. h3 {[%emt 0:00:30]} Be5 {[%emt 0:00:30]} 32. Kg2 {[%emt 0:00:30]} a4 {[%emt 0:00:30]} 33. h4 {[%emt 0:00:30]} Kg7 {[%emt 0:00:30]} 34. g5 {[%emt 0:00:30]} Bd3 {[%emt 0:00:30]} 35. Rc7 {[%emt 0:00:30]} Rxa3 {[%emt 0:00:30]} 36. Rxe7 {[%emt 0:00:30]} Ra1 {[%emt 0:00:30]} 37. h5 {[%emt 0:00:30]} Bf1+ {[%emt 0:00:30]} 38. Kg1 {[%emt 0:00:30]} Bh3+ {[%emt 0:00:30]} 0-1

[Event "Basque-ch 2019"]
[Site "Getxo"]
[Date "2019.04.24"]
[Round "3.1"]
[White "Narciso Dublan, Marc"]
[Black "Argandona Riveiro, Inigo"]
[Result "1/2-1/2"]
[WhiteElo "2491"]
[BlackElo "2411"]
[Annotator "TA"]
[PlyCount "116"]
[EventDate "2019.04.22"]
[EventType "swiss"]
[EventCountry "ESP"]
[SourceTitle "playchess.com"]
[Source "ChessBase"]
[SourceQuality "1"]

{[%evp 9,115,9,40,8,21,2,29,16,27,25,27,26,31,0,14,0,0,-18,-17,-26,0,5,17,0,0,0,0,0,0,0,3,1,8,0,6,-16,0,0,0,11,68,18,17,7,6,0,0,0,0,0,0,0,0,0,0,0,0,0,0,-9,-13,-15,-19,-42,-16,-56,-19,-68,-8,-8,-8,-8,-8,-8,-8,-8,-8,-10,-4,-4,0,-4,-4,-62,-4,-4,-4,-4,-4,-4,-4,-4,-4,-4,-4,-4,-4,-4,-4,-4,-4,-4,-4,-4,-4,-4,0,-541]} 1. d4 Nf6 2. c4 e5 3. dxe5 Ng4 4. e3 Nxe5 5. Nh3 d5 (5... Bb4+ 6. Bd2 a5 7. Nf4 d6 8. Nc3 O-O 9. Be2 Re8 10. O-O Nbd7 11. Qc2 Nf6 12. Rad1 c6 13. Na4 Bxd2 14. Rxd2 {1-0 (49) Wojtaszek,R (2727)-Ivanchuk,V (2710) Huaian 2016}) 6. cxd5 {A52: Budapest Gambit} Bxh3 7. gxh3 Bb4+ 8. Nc3 {[#] Black must now prevent Qa4+.White has an edge.} O-O 9. Bg2 Nbd7 10. O-O Ng6 $146 ({Predecessor:} 10... f5 11. d6 Bxd6 12. Bxb7 Rb8 13. Bg2 Nc5 14. Qe2 f4 15. exf4 Ned3 16. Ne4 Qe7 17. Qc2 Nxc1 18. Raxc1 Nxe4 19. Qxe4 Qxe4 20. Bxe4 {½-½ (20) Kohlweyer,B (2463)-Lochte,T (2227) Bad Wiessee 1999}) 11. Ne2 Nh4 12. e4 f5 13. exf5 (13. Nd4 {seems wilder.} Qf6 14. d6 Kh8 15. Nxf5 Nxf5 16. dxc7 Nh4 17. Qxd7 Nxg2 18. Kxg2 Qf3+ 19. Kg1) 13... Nxg2 14. Kxg2 Nb6 15. Ng3 Qxd5+ 16. Qxd5+ Nxd5 17. Bg5 Rf7 18. Rad1 c6 19. Rd4 Bd6 20. Re4 Raf8 21. Be3 a6 22. f4 h5 23. h4 Be7 24. Kh3 Bf6 (24... Nf6 $11 25. Re6 Rd8) 25. Bc5 Rd8 26. Rf2 b6 27. Bd4 Bxd4 28. Rxd4 c5 29. Re4 Nf6 30. Re6 Rb7 31. Ne4 Nxe4 32. Rxe4 $11 {[%mdl 4096] Endgame KRR-KRR} Rf8 33. Re5 Rbf7 34. Rd2 Rxf5 35. Rxf5 Rxf5 {KR-KR} 36. Kg3 c4 37. Rd8+ Kh7 38. Rc8 Rb5 (38... b5 $1 $15) 39. Rxc4 Rxb2 40. Rc6 a5 {[%cal Ba6a5,Ba5a4][%mdl 32]} 41. a4 Rb3+ 42. Kg2 Rb4 43. Kg3 Rxa4 44. Rxb6 Ra3+ 45. Kg2 a4 46. Ra6 (46. Rb5 $1 $11) 46... Ra2+ ({Better is} 46... Ra1 $15 47. Kf3 a3) 47. Kg3 a3 {[#] And now ...Ra1 would win.} 48. f5 $1 Ra1 {Hoping for ...a2.} 49. Ra8 $1 Rf1 50. Rxa3 Rxf5 51. Ra6 g6 52. Ra7+ Kh6 53. Rb7 Ra5 54. Rc7 $1 Ra3+ 55. Kg2 Ra4 56. Kg3 Rg4+ 57. Kh3 Rg1 58. Rh7+ Kxh7 {Accuracy: White = 57%, Black = 66%.} 1/2-1/2

[Event "Basque-ch 2019"]
[Site "Getxo"]
[Date "2019.04.24"]
[Round "3.2"]
[White "Basto Auzmendi, Mario"]
[Black "Del Rio De Angelis, Salvador G."]
[Result "0-1"]
[WhiteElo "1981"]
[BlackElo "2457"]
[Annotator "TA"]
[PlyCount "66"]
[EventDate "2019.04.22"]
[EventType "swiss"]
[EventCountry "ESP"]
[SourceTitle "playchess.com"]
[Source "ChessBase"]
[SourceQuality "1"]

{[%evp 15,66,0,3,-4,0,-19,0,-2,0,-24,0,-26,-18,-55,-49,-55,-49,-45,-44,-66,-65,-98,-110,-94,-97,-100,-90,-90,-87,-92,-66,-69,-69,-86,-86,-94,-93,-103,-100,-85,-77,-90,-70,-77,-85,-108,-135,-348,-333,-404,-400,-579,-554]} 1. e4 c5 2. Nf3 g6 3. c3 Bg7 4. d4 cxd4 5. cxd4 d5 6. exd5 Nf6 7. Bb5+ Nbd7 8. Nc3 O-O 9. Bg5 {B27: Sicilian: 2 Nf3, unusual Black 2nd moves} (9. O-O Nb6 10. Re1 Nbxd5 11. Bg5 Be6 12. Qd2 Rc8 13. Rac1 Nxc3 14. bxc3 Bd5 15. Qe3 Qa5 16. Bf1 Bxf3 17. Bxf6 Bxf6 18. Qxf3 Rc7 19. g3 {0-1 (26) Petursson,M (2509)-Matlakov,M (2682) Tallinn 2016}) 9... Nb6 10. Bxf6 Bxf6 11. Qb3 {The position is equal.} e6 12. O-O $146 ({Predecessor:} 12. d6 Bg7 13. Qa3 a6 14. Be2 Bd7 15. O-O Bc6 16. Rfe1 Nc8 17. Ne5 Qxd6 18. Qxd6 Nxd6 19. Nxc6 bxc6 {0-1 (55) Hakobyan,H (2280)-Bernotas,A (2436) Batumi 2018}) 12... exd5 13. Rac1 Be6 14. Na4 a6 15. Bd3 Nxa4 16. Qxa4 Qb6 17. Rc2 Rac8 18. Rfc1 Rxc2 19. Rxc2 Bg4 20. Qb3 Bxd4 21. Nxd4 Qxd4 22. Qc3 Qf4 23. Qc7 Qb4 {[#] aiming for ...Qe1+.} 24. Qc3 Qe7 25. h3 Rc8 26. Qd4 Rxc2 27. Bxc2 Be6 28. a3 f6 29. b4 Kg7 30. f4 Qc7 31. Qc5 $2 (31. Bd1 $17 {was necessary.}) 31... Qxf4 $19 32. Qe7+ Bf7 {[#] Hoping for ...Qc1+.} 33. Bb3 (33. Qe1 {might work better.}) 33... Qe5 {Accuracy: White = 39%, Black = 79%.} 0-1

[Event "Basque-ch 2019"]
[Site "Getxo"]
[Date "2019.04.24"]
[Round "3.3"]
[White "Trigo Urquijo, Sergio"]
[Black "Huerga Leache, Mikel"]
[Result "1/2-1/2"]
[WhiteElo "2383"]
[BlackElo "2448"]
[Annotator "TA"]
[PlyCount "47"]
[EventDate "2019.04.22"]
[EventType "swiss"]
[EventCountry "ESP"]
[SourceTitle "playchess.com"]
[Source "ChessBase"]
[SourceQuality "1"]

{[%evp 26,47,46,26,22,22,26,30,32,31,24,35,29,32,47,43,64,0,45,0,75,29,43,0]} 1. e4 e6 2. d4 d5 3. Nd2 Nf6 4. e5 Nfd7 5. Bd3 c5 6. c3 Nc6 7. Ne2 cxd4 8. cxd4 f6 9. exf6 Nxf6 10. Nf3 Bd6 11. O-O O-O 12. Bf4 Bxf4 13. Nxf4 Ng4 14. Qd2 Qf6 {C06: French Tarrasch: 3...Nf6 4 e5 Nfd7 5 Bd3 main lines} 15. Nh5 Qh6 16. Qxh6 Nxh6 {White has an edge.} 17. Rac1 Nf5 18. Bxf5 Rxf5 19. Ng3 {[#]} Rf4 $146 ({Predecessor:} 19... Rf7 20. Rfe1 Bd7 21. b4 a6 22. a4 {½-½ (38) Akopian,V (2655)-Sadler,M (2653) Tromsoe 2014}) 20. Ne2 Re4 21. Ng3 Rf4 22. Ne2 Re4 23. Nc3 Rf4 24. Ne2 1/2-1/2

[Event "Basque-ch 2019"]
[Site "Getxo"]
[Date "2019.04.24"]
[Round "3.4"]
[White "Urriza Iricibar, Pablo"]
[Black "Sadusea, Johnny Fernando"]
[Result "1-0"]
[WhiteElo "2301"]
[BlackElo "2150"]
[Annotator "TA"]
[PlyCount "132"]
[EventDate "2019.04.22"]
[EventType "swiss"]
[EventCountry "ESP"]
[SourceTitle "playchess.com"]
[Source "ChessBase"]
[SourceQuality "1"]

{[%evp 17,132,35,34,-1,0,22,20,21,29,29,50,42,55,44,54,60,68,28,25,11,36,27,31,31,50,41,70,42,47,37,32,30,64,41,47,45,46,46,85,27,29,10,29,17,21,9,16,0,40,0,8,-21,0,0,0,0,57,40,93,91,94,77,92,86,62,71,126,45,30,16,21,31,14,0,0,0,4,-7,9,-7,10,-7,20,0,74,73,96,99,268,259,443,450,439,323,362,419,399,402,364,354,495,390,495,464,29961,29964,11636,6307,6083,6004,29971,11604,29974,29975,29975,29976,3789]} 1. e4 c5 2. Nc3 a6 3. g3 Nc6 4. Bg2 g6 5. d3 Bg7 6. Be3 d6 7. Qd2 e6 8. Nge2 Nd4 9. O-O Ne7 10. Nc1 {B26: Closed Sicilian: 3 g3, lines with early Be3} O-O 11. Nd1 Qc7 (11... e5 12. c3 Ndc6 13. Bh6 Bxh6 14. Qxh6 f5 15. Ne2 Be6 16. Ne3 d5 {½-½ (16) Jovanovic,Z (2529)-Szabo,G (2550) Hungary 2013}) 12. c3 {The position is equal.} Ndc6 13. Bh6 $146 ({Predecessor:} 13. Ne2 b5 14. f4 Bb7 15. Bf2 b4 16. Ne3 f5 {1-0 (35) Medvegy,Z (2125)-Berescu,A (2235) Timisoara 1995}) 13... b5 14. Bxg7 Kxg7 15. Ne3 Bb7 16. Ne2 Rad8 17. f4 f5 18. g4 d5 {Hoping for ...dxe4.} 19. exd5 exd5 20. d4 c4 21. gxf5 gxf5 22. Ng3 Kh8 23. Qe2 Qd6 24. Qh5 {[%cal Re3f5]} Qg6 25. Qh3 Bc8 26. Rae1 Be6 27. Bf3 Nc8 28. Kh1 (28. Re2 $16) 28... N6e7 $11 29. Rg1 Qf7 30. Qh6 {And now Nxc4 would win.} (30. Nh5 {with more complications.} Ng6 31. Rg5 Nd6 32. Reg1 Rg8 33. Qg2) 30... Qf6 31. Qxf6+ Rxf6 32. Nc2 Bf7 33. Re3 Ng6 34. Nh5 Rfd6 35. Rge1 Nh4 36. Ng3 (36. Bd1 {feels hotter.} a5 37. Re5 Ra6 38. Rf1 Nd6 39. Ng3) 36... Kg7 (36... Rf6 $11) 37. Bg2 Nxg2 (37... Rf6 $14) 38. Kxg2 $16 Kf6 39. Re5 Be6 40. Kf3 Ne7 41. Ne3 Rc6 (41... Rg8 $142) 42. Ng2 ({Better is} 42. Rg1 $16) 42... Ng6 $14 43. R5e2 Bd7 44. h4 Re6 45. h5 Rxe2 46. Rxe2 Ne7 47. Ne3 Be6 48. Re1 Rb8 49. a3 {[%cal Ba2a3,Ba3b4][%mdl 32]} Bf7 50. Nc2 Nc6 (50... h6 $11) 51. Nb4 Nxb4 52. axb4 $16 {[%mdl 4096] Endgame KRB-KRN} Re8 $2 {[#]} (52... Be6 $16) 53. Re5 $1 $18 Be6 $2 {[#]} (53... Ra8 54. Rxf5+ Ke7 55. Re5+ Kd7) 54. Nxf5 $1 {[%mdl 576] Pin} Rg8 (54... Bxf5 55. Rxe8) 55. Ng3 Ra8 56. h6 Bf7 57. Rf5+ Ke6 58. Rg5 Kf6 59. Rg7 Rh8 60. Kg4 Rg8 (60... Ra8 $18 61. f5 Rh8) 61. Rxg8 Bxg8 {KB-KN} 62. f5 Bf7 63. Nf1 Be8 64. Ne3 Bc6 65. Kf4 Bb7 66. Ng4+ Ke7 {Accuracy: White = 45%, Black = 38%.} 1-0

[Event "Basque-ch 2019"]
[Site "Getxo"]
[Date "2019.04.24"]
[Round "3.5"]
[White "Ruiz Abad, Juan Manuel"]
[Black "Martinez Fernandez, Adrian"]
[Result "1-0"]
[WhiteElo "2124"]
[BlackElo "2318"]
[Annotator "TA"]
[PlyCount "111"]
[EventDate "2019.04.22"]
[EventType "swiss"]
[EventCountry "ESP"]
[SourceTitle "playchess.com"]
[Source "ChessBase"]
[SourceQuality "1"]

{[%evp 20,111,29,13,16,28,10,0,0,0,0,0,0,0,0,0,0,0,0,0,0,0,57,31,23,11,80,0,0,0,-29,-33,-16,-55,-46,-78,-76,-217,-100,-194,-68,-69,-70,-82,-33,-558,-95,-108,-3,-16,298,271,224,60,40,56,272,267,511,525,568,564,564,564,564,564,684,674,694,680,764,745,776,753,948,924,1377,1253,1893,1905,1840,1836,29984,29985,29986,29986,29988,29989,29989,29990,29993,29990,29989,29990]} 1. e4 c5 2. Nf3 d6 3. d4 cxd4 4. Nxd4 Nf6 5. Nc3 a6 6. Be3 Ng4 7. Bg5 h6 8. Bh4 g5 9. Bg3 Bg7 10. h3 Ne5 11. Nf5 Bxf5 $1 {B90: Sicilian Najdorf: Unusual White 6th moves, 6 Be3 Ng4 and 6 Be3 e5} 12. exf5 Nbc6 13. Nd5 e6 {The position is equal.} 14. fxe6 fxe6 15. Ne3 Qa5+ 16. c3 Nf3+ $1 17. Qxf3 Bxc3+ $1 {[%mdl 64] Double Attack} 18. Kd1 Qa4+ 19. Nc2 Bxb2 {[#]} 20. Rc1 $146 ({But not} 20. Rb1 Qxa2 21. Rxb2 Qxb2 $17) 20... Bxc1 (20... Ke7 $11) 21. Qf6 $14 Kd7 22. Kxc1 Rac8 $1 {aiming for ...Rhe8.} 23. Qg7+ (23. Bd3 $1 $16) 23... Ne7 $11 {[%csl Gc8][%cal Ra4c2]} 24. Bd3 Qa3+ $40 {[%mdl 128] Black mounts an attack.} 25. Kd2 Qa5+ $1 26. Kd1 Qxa2 27. Re1 Rhg8 $1 {[%cal Rg8g7]} 28. Qf6 (28. Qh7 $17) 28... Rge8 (28... Rc5 $1 $19 {And now ...Rgc8 would win.} 29. Qd4 Nd5) 29. Qxh6 (29. f3 $17 {was worth a try.}) 29... Nd5 (29... Rc5 $1 $19 {Hoping for ...Rec8.} 30. Nb4 Qa1+ 31. Ke2 Qc3) 30. Bf5 {[%cal Rf5e6]} Nc3+ 31. Kc1 {[#]} Nb5 $1 {Threatens to win with ...Qa1+.} 32. Qf6 $2 {[%mdl 8192]} (32. Bd3 $1 $15) 32... Rc5 $2 (32... Na3 $19 {[%cal Rc8c2] has better winning chances. ( -> ...Rxc2+)} 33. Qg7+ Re7) 33. Bg6 $17 {[#]} Re7 (33... Rec8 $1 $17 {[%cal Rc5c2]} 34. Qg7+ Kd8) 34. Rd1 (34. Qb2 $5 {[%cal Rb2a2]} Qc4 35. Rd1 $15) 34... Rd5 $2 {[%mdl 8192]} (34... Qa3+ $11 35. Qb2 Qxb2+ 36. Kxb2 Rg7) 35. Rxd5 $18 Qxd5 36. f3 $2 (36. h4 $18) 36... Qc5 $14 37. Be1 b6 $2 ({Black should play} 37... Qg1 $14) 38. Bd2 $18 d5 $2 (38... Nc7 39. Bxg5 Nd5) 39. Bxg5 a5 40. Qxe7+ Qxe7 41. Bxe7 Kxe7 42. h4 Kf6 43. Bd3 Nd6 44. g4 Nf7 45. f4 e5 46. g5+ Kg7 47. f5 Nd6 48. Ne3 e4 49. Be2 d4 50. f6+ Kh7 {[#]} 51. Nc4 $1 {White mates.} Nf5 52. h5 Nh4 53. Ne5 d3 54. g6+ Kg8 55. f7+ Kg7 {[#]} 56. h6+ $1 {[%mdl 64] Decoy, Promotion. Accuracy: White = 53%, Black = 40%.} 1-0